| 000 | 00500nam a22001697a 4500 | ||
|---|---|---|---|
| 999 |
_c8566 _d8566 |
||
| 008 | 201202b ||||| |||| 00| 0 eng d | ||
| 040 | _aBMS College of Architecture | ||
| 100 | _aNayak, Shiv | ||
| 245 | _aInstitute for Sport | ||
| 300 | _aNA | ||
| 500 | _a1BM13AT066 | ||
| 502 |
_8B,Arch _NBMS College of Architecture, Visvesvaraya Technological University(VTU) _aProject report _d2017 |
||
| 650 | _aInstitute | ||
| 700 |
_aKoshy P Koshy _eGuide |
||
| 700 |
_aShantesh K _eGuide |
||
| 942 |
_2ddc _cTHE |
||